| 000 | 00580nam a2200181Ia 4500 | ||
|---|---|---|---|
| 008 | 151018s9999 xx 000 0 und d | ||
| 082 |
_bRBASDV32145 _a891.463 |
||
| 100 | _aजेम्स चेस हॅडली | ||
| 245 | _aरुपेरी लकेर | ||
| 250 | _b1 | ||
| 260 |
_bगिता एजन्सी _c2000 |
||
| 300 | _a215 | ||
| 600 | _aजेम्स चेस हॅडली | ||
| 630 | _aरुपेरी लकेर | ||
| 700 | _aजेम्स चेस हॅडली | ||
| 730 | _aरुपेरी लकेर | ||
| 942 | _cBOOK | ||
| 999 |
_c1031671 _d1031668 |
||